Agricultural and food policy / (Record no. 19037)
[ view plain ]
| 000 -LEADER | |
|---|---|
| fixed length control field | 00533pam a2200193 a 4500 |
| 020 ## - INTERNATIONAL STANDARD BOOK NUMBER | |
| ISBN | 0130198609 |
| 040 ## - CATALOGING SOURCE | |
| Transcribing agency | DLC |
| 082 00 - DEWEY DECIMAL CLASSIFICATION NUMBER | |
| Classification number | 338 PRE 1995 C159 Or. |
| 100 1# - MAIN ENTRY--AUTHOR NAME | |
| Personal name | Knutson, Ronald D |
| 245 10 - TITLE STATEMENT | |
| Title | Agricultural and food policy / |
| 250 ## - EDITION STATEMENT | |
| Edition statement | 3rd ed |
| 260 ## - PUBLICATION, DISTRIBUTION, ETC. (IMPRINT) | |
| Place of publication | Englewood Cliffs, N.J. : |
| Name of publisher | Prentice Hall Education, Career & Technology, |
| Year of publication | c1995 |
| 300 ## - PHYSICAL DESCRIPTION | |
| Number of Pages | xiii, 508 p. : |
| Other physical details | ill. ; |
| Dimensions | 25 cm |
| 650 #0 - SUBJECT ADDED ENTRY--TOPICAL TERM | |
| Topical Term | Agriculture and state |
| 650 #0 - SUBJECT ADDED ENTRY--TOPICAL TERM | |
| Topical Term | Food supply |
| 700 1# - ADDED ENTRY--PERSONAL NAME | |
| Personal name | Penn, J. B |
| 700 1# - ADDED ENTRY--PERSONAL NAME | |
| Personal name | Boehm, William T |
| 942 ## - ADDED ENTRY ELEMENTS (KOHA) | |
| Koha item type | ADB |
| 952 ## - LOCATION AND ITEM INFORMATION (KOHA) | |
| Withdrawn status [LOCAL, KOHA] | 0 |
| Koha item type | Source of acquisition | Lost status | Permanent Location | Current Location | Date acquired | Full call number |
|---|---|---|---|---|---|---|
| សៀវភៅភាសាអង់គ្លេស | A39158 | Library Block C | Library Block C | 2020-03-03 | 338 PRE 1995 C159 Or. |